Principles of management, an analysis of managerial functions (Record no. 1411)

000 -LEADER
fixed length control field 00480nam a2200157 4500
008 - FIXED-LENGTH DATA ELEMENTS--GENERAL INFORMATION
fixed length control field 200123b ||||| |||| 00| 0 eng d
082 00 - DEWEY DECIMAL CLASSIFICATION NUMBER
Classification number 658
Item number K828
100 ## - MAIN ENTRY--PERSONAL NAME
9 (RLIN) 1023
Personal name Koontz, Harold
245 10 - TITLE STATEMENT
Title Principles of management, an analysis of managerial functions
250 ## - EDITION STATEMENT
Edition statement 5th ed.
260 ## - PUBLICATION, DISTRIBUTION, ETC. (IMPRINT)
Place of publication, distribution, etc Tokyo
Name of publisher, distributor, etc McGraw-Hill
Date of publication, distribution, etc 1972
300 ## - PHYSICAL DESCRIPTION
Extent xii, 758 p.
650 #0 - SUBJECT ADDED ENTRY--TOPICAL TERM
Topical term or geographic name as entry element Industrial Management
700 ## - ADDED ENTRY--PERSONAL NAME
Personal name O'donnell, Cyril
9 (RLIN) 1024
942 ## - ADDED ENTRY ELEMENTS (KOHA)
Source of classification or shelving scheme
Item type Books
Holdings
Withdrawn status Lost status Source of classification or shelving scheme Damaged status Not for loan Permanent location Current location Date acquired Full call number Barcode Date last seen Koha item type
          IMU Kolkata IMU Kolkata 1976-02-13 658 K828 04408 2020-01-23 Books
Designed and Maintained by IMU-KC Library, Kolkata Campus © Copyright All Rights Reserved

webs counters

Powered by Koha